000 00306nam a22001337a 4500
008 171107b xxu||||| |||| 00| 0 eng d
020 _a9781557385048
041 _aeng
080 _a330.322
100 _a63
101 _aINV
245 _aINVESTMENT BANKING & BROKERAGE
_cMARSHALL,J.F
942 _2udc
_cBK
999 _c38092
_d38092